Semiconductor quantum bits / (Record no. 9443)

MARC details
000 -LEADER
fixed length control field 01309cam a22003257a 4500
001 - CONTROL NUMBER
control field 15531758
003 - CONTROL NUMBER IDENTIFIER
control field OSt
005 - DATE AND TIME OF LATEST TRANSACTION
control field 20241015144114.0
008 - FIXED-LENGTH DATA ELEMENTS--GENERAL INFORMATION
fixed length control field 081121s2009 si a b 001 0 eng d
010 ## - LIBRARY OF CONGRESS CONTROL NUMBER
LC control number 2008301011
020 ## - INTERNATIONAL STANDARD BOOK NUMBER
International Standard Book Number 9789814241052
020 ## - INTERNATIONAL STANDARD BOOK NUMBER
International Standard Book Number 9814241059
035 ## - SYSTEM CONTROL NUMBER
System control number (OCoLC)ocn185032764
040 ## - CATALOGING SOURCE
Original cataloging agency BTCTA
Transcribing agency must
Modifying agency YDXCP
-- BAKER
-- BWX
-- ESU
-- TXA
-- OIP
-- DLC
042 ## - AUTHENTICATION CODE
Authentication code lccopycat
082 00 - DEWEY DECIMAL CLASSIFICATION NUMBER
Classification number 621.3815 HEN 2009
Edition number 22
245 00 - TITLE STATEMENT
Title Semiconductor quantum bits /
Statement of responsibility, etc. [edited by] Fritz Henneberger, Oliver Benson.
260 ## - PUBLICATION, DISTRIBUTION, ETC. (IMPRINT)
Place of publication, distribution, etc. Singapore :
Name of publisher, distributor, etc. Pan Stanford,
Date of publication, distribution, etc. c2009.
300 ## - PHYSICAL DESCRIPTION
Extent ix, 504 p. :
Other physical details ill. (some col.) ;
Dimensions 24 cm.
504 ## - BIBLIOGRAPHY, ETC. NOTE
Bibliography, etc Includes bibliographical references and indexes.
650 #0 - SUBJECT ADDED ENTRY--TOPICAL TERM
Topical term or geographic name as entry element Semiconductors.
9 (RLIN) 13406
700 1# - ADDED ENTRY--PERSONAL NAME
Personal name Benson, Oliver.
9 (RLIN) 19266
700 1# - ADDED ENTRY--PERSONAL NAME
Personal name Henneberger, Fritz.
9 (RLIN) 19267
856 41 - ELECTRONIC LOCATION AND ACCESS
Materials specified Table of contents only
Uniform Resource Identifier <a href="http://www.loc.gov/catdir/toc/fy0905/2008301011.html">http://www.loc.gov/catdir/toc/fy0905/2008301011.html</a>
856 42 - ELECTRONIC LOCATION AND ACCESS
Materials specified Contributor biographical information
Uniform Resource Identifier <a href="http://www.loc.gov/catdir/enhancements/fy1004/2008301011-b.html">http://www.loc.gov/catdir/enhancements/fy1004/2008301011-b.html</a>
856 42 - ELECTRONIC LOCATION AND ACCESS
Materials specified Publisher description
Uniform Resource Identifier <a href="http://www.loc.gov/catdir/enhancements/fy1004/2008301011-d.html">http://www.loc.gov/catdir/enhancements/fy1004/2008301011-d.html</a>
906 ## - LOCAL DATA ELEMENT F, LDF (RLIN)
a 7
b cbc
c copycat
d 2
e ncip
f 20
g y-gencatlg
942 ## - ADDED ENTRY ELEMENTS (KOHA)
Source of classification or shelving scheme Dewey Decimal Classification
Koha item type Book Bank
Holdings
Withdrawn status Lost status Source of classification or shelving scheme Damaged status Not for loan Home library Current library Date acquired Source of acquisition Inventory number Total Checkouts Full call number Barcode Date last seen Price effective from Koha item type
    Dewey Decimal Classification     MUST Main Library MUST Main Library 15/10/2024 donation 11/34916   621.3815 HEN 2009 2024-22493 15/10/2024 15/10/2024 Book Bank